Internati0onal Relations and Organisations (Record no. 232183)
[ view plain ]
| 000 -LEADER | |
|---|---|
| fixed length control field | 00778nam a22002657a 4500 |
| 005 - DATE AND TIME OF LATEST TRANSACTION | |
| control field | 20241206113930.0 |
| 008 - FIXED-LENGTH DATA ELEMENTS--GENERAL INFORMATION | |
| fixed length control field | 241206b ||||| |||| 00| 0 eng d |
| 020 ## - INTERNATIONAL STANDARD BOOK NUMBER | |
| International Standard Book Number | 9789380751085 |
| 040 ## - CATALOGING SOURCE | |
| Transcribing agency | AL |
| 041 ## - LANGUAGE CODE | |
| Language code of text/sound track or separate title | eng |
| 082 ## - DEWEY DECIMAL CLASSIFICATION NUMBER | |
| Edition number | 23 |
| Classification number | 327 |
| Item number | PRAI |
| 100 ## - MAIN ENTRY--PERSONAL NAME | |
| Personal name | Shruthi Prabbhakar |
| 100 ## - MAIN ENTRY--PERSONAL NAME | |
| 9 (RLIN) | 188222 |
| 100 ## - MAIN ENTRY--PERSONAL NAME | |
| Dates associated with a name | Ganesh Varma |
| 9 (RLIN) | 188204 |
| 245 ## - TITLE STATEMENT | |
| Title | Internati0onal Relations and Organisations |
| 260 ## - PUBLICATION, DISTRIBUTION, ETC. | |
| Place of publication, distribution, etc. | Bengaluru |
| Name of publisher, distributor, etc. | MPP House |
| Date of publication, distribution, etc. | 2021 |
| 300 ## - PHYSICAL DESCRIPTION | |
| Extent | 315p. |
| Other physical details | PB |
| Dimensions | 23x15cm. |
| 365 ## - TRADE PRICE | |
| Source of price type code | Law |
| Price type code | 1060 |
| Price amount | 328.50 |
| Currency code | ₹ |
| Unit of pricing | 450.00 |
| Price note | 27% |
| Price effective from | 28-11-2024 |
| 650 ## - SUBJECT ADDED ENTRY--TOPICAL TERM | |
| Topical term or geographic name entry element | Nationalism |
| 9 (RLIN) | 188205 |
| 650 ## - SUBJECT ADDED ENTRY--TOPICAL TERM | |
| Topical term or geographic name entry element | Internationalism |
| 9 (RLIN) | 188206 |
| 650 ## - SUBJECT ADDED ENTRY--TOPICAL TERM | |
| Topical term or geographic name entry element | Foreign Policy |
| 9 (RLIN) | 188207 |
| 650 ## - SUBJECT ADDED ENTRY--TOPICAL TERM | |
| Topical term or geographic name entry element | Terrorism |
| 9 (RLIN) | 188208 |
| 700 ## - ADDED ENTRY--PERSONAL NAME | |
| Personal name | PRABHAKAR (Shruthi) |
| 9 (RLIN) | 188209 |
| 700 ## - ADDED ENTRY--PERSONAL NAME | |
| Personal name | VARMA (Gangesh) |
| 9 (RLIN) | 188210 |
| 942 ## - ADDED ENTRY ELEMENTS (KOHA) | |
| Source of classification or shelving scheme | Dewey Decimal Classification |
| Koha item type | Book |
| Withdrawn status | Lost status | Source of classification or shelving scheme | Damaged status | Not for loan | Collection code | Home library | Current library | Date acquired | Source of acquisition | Cost, normal purchase price | Total Checkouts | Full call number | Barcode | Date last seen | Cost, replacement price | Price effective from | Koha item type |
|---|---|---|---|---|---|---|---|---|---|---|---|---|---|---|---|---|---|
| Dewey Decimal Classification | Law | St Aloysius Law Library | St Aloysius Law Library | 12/05/2024 | MPP House Law Books Publishers Bengaluru-560009 | 328.50 | 327 PRAI | LL000641 | 12/06/2024 | 450.00 | 12/06/2024 | Book | |||||
| Dewey Decimal Classification | Law | St Aloysius Law Library | St Aloysius Law Library | 12/05/2024 | MPP House Law Books Publishers Bengaluru-560009 | 328.50 | 327 PRAI | LL000642 | 12/06/2024 | 450.00 | 12/06/2024 | Book | |||||
| Dewey Decimal Classification | Law | St Aloysius Law Library | St Aloysius Law Library | 12/05/2024 | MPP House Law Books Publishers Bengaluru-560009 | 328.50 | 327 PRAI | LL000643 | 12/06/2024 | 450.00 | 12/06/2024 | Book | |||||
| Dewey Decimal Classification | Law | St Aloysius Law Library | St Aloysius Law Library | 12/05/2024 | MPP House Law Books Publishers Bengaluru-560009 | 328.50 | 327 PRAI | LL000644 | 12/06/2024 | 450.00 | 12/06/2024 | Book | |||||
| Dewey Decimal Classification | Law | St Aloysius Law Library | St Aloysius Law Library | 12/05/2024 | MPP House Law Books Publishers Bengaluru-560009 | 328.50 | 327 PRAI | LL000645 | 12/06/2024 | 450.00 | 12/06/2024 | Book |